00329nam a2200109Ia 4500008004100000082001500041100002300056245003600079260003900115630001800154650004700172211109s9999||||xx |||||||||||||| ||und|| a942bEDW-N aEdwards, William,  0aNotes on British History, Parts bNATIONAL BOOKSTALLaKottayamc1900 xGeneral Stack aGreat BritainvHistory of EnglandxHistory